| 000 | 00440nam a2200145Ia 4500 | ||
|---|---|---|---|
| 008 | 210210b1990 xxu||||| |||| 00| 0 eng d | ||
| 082 | _a225.7 BARD | ||
| 100 | _aBARCLAY (William). | ||
| 245 | _aDaily study bible:the letters to Timothy Titus and Philemon. | ||
| 260 |
_aBangalore _bTheological Publications in India _c1990 |
||
| 300 | _axvii,283,ii | ||
| 650 | _aLetters Timothy Titus Philemon | ||
| 690 | _aChristianity | ||
| 906 | _a045745 | ||
| 999 |
_c95290 _d95290 |
||